| 000 -CABECERA |
| campo de control de longitud fija |
00898nam a2200229 4500 |
| 005 - FECHA Y HORA DE LA ÚLTIMA TRANSACCIÓN |
| campo de control |
20210816175655.0 |
| 008 - DATOS DE LONGITUD FIJA--INFORMACIÓN GENERAL |
| campo de control de longitud fija |
210816s1994 pe bd||fr|||| 001 0 spa d |
| 040 ## - FUENTE DE LA CATALOGACIÓN |
| Centro catalogador/agencia de origen |
CENDOC CAAAP |
| Lengua de catalogación |
spa |
| Centro/agencia transcriptor |
CAAAP |
| 041 ## - CÓDIGO DE LENGUA |
| Código de lengua del texto/banda sonora o título independiente |
spa |
| 050 ## - SIGNATURA TOPOGRÁFICA DE LA BIBLIOTECA DEL CONGRESO |
| Número de clasificación |
HA 1068.A5c |
| Número de documento/Ítem |
P45 1993 |
| 245 ## - MENCIÓN DE TÍTULO |
| Título |
Estadísticas demográficas : |
| Subtitulo |
Loreto - Ucayali 1940-1981 |
| 250 ## - MENCIÓN DE EDICIÓN |
| Mención de edición |
1ra ed. |
| 260 ## - PUBLICACIÓN, DISTRIBUCIÓN, ETC. |
| Lugar de publicación, distribución, etc. |
Lima: |
| Nombre del editor, distribuidor, etc. |
INEI, |
| Fecha de publicación, distribución, etc. |
1984 |
| 300 ## - DESCRIPCIÓN FÍSICA |
| Extensión |
110 p.: |
| Otras características físicas |
mapas, gráficas ; |
| Dimensiones |
32 cm. |
| 505 ## - NOTA DE CONTENIDO CON FORMATO |
| Nota de contenido con formato |
Contiene: Introducción -- Consideraciones para la proyección de la población -- Índice de título -- Estadísticas demográficas continuas -- Población económicamente activa -- Proyecciones de la población urbana y rural. |
| 650 10 - PUNTO DE ACCESO ADICIONAL DE MATERIA--TÉRMINO DE MATERIA |
| 9 (RLIN) |
496 |
| Término de materia o nombre geográfico como elemento de entrada |
Demografía |
| 650 20 - PUNTO DE ACCESO ADICIONAL DE MATERIA--TÉRMINO DE MATERIA |
| 9 (RLIN) |
1407 |
| Término de materia o nombre geográfico como elemento de entrada |
Censos |
| 650 20 - PUNTO DE ACCESO ADICIONAL DE MATERIA--TÉRMINO DE MATERIA |
| 9 (RLIN) |
3296 |
| Término de materia o nombre geográfico como elemento de entrada |
Población |
| 651 10 - PUNTO DE ACCESO ADICIONAL DE MATERIA--NOMBRE GEOGRÁFICO |
| 9 (RLIN) |
77 |
| Nombre geográfico |
Loreto |
| 651 10 - PUNTO DE ACCESO ADICIONAL DE MATERIA--NOMBRE GEOGRÁFICO |
| 9 (RLIN) |
67 |
| Nombre geográfico |
Ucayali (Perú : Departamento) |
| Subdivisión general |
Condiciones sociales |
| 942 ## - ELEMENTOS PERSONALIZADOS KOHA |
| Fuente del sistema de clasificación o colocación |
|
| Fecha de catalogación |
16 - 08 - 21 |
| Tipo de ítem Koha |
Libros |